Wentworth - Statistics

General Stats
  • This quiz has been taken 573 times
  • The average score is 11 of 15
Answer Stats
Hint Answer % Correct
Who Stabs and Kills Bea Smith? Joan Ferguson
98%
Who ran there mother in law over with a tractor? Liz
94%
Who is deputy govenor in season 1-3? Vera
93%
Who beat Frankie in order to become top dog? Bea Smith
90%
Who was stabbed in the very first episode in a riot? Meg Jackson
84%
Who gets Doreen pregnant? Nash
84%
Who did Bea have a relationship with in the prison? Allie
82%
Who was killed by Bea Smith in Season 1? Jacs Holt
81%
Who kidknapped Dorren's baby in Season 3? Jess
77%
Who did Ferguson have run over in season 2? Matt Fletcher
77%
Who helped Frankie and became govenor in season 1? Erica
71%
In what season did Bea break out of prison? Season 2
64%
Who is out on parol in Season 4? Frankie Doyle
59%
Who is deputy govenor is Season 4? Will Jackson
52%
Who led the Red Right Hand? Caz
21%
No matching quizzes found
Score Distribution
Percent of People with Each Score
Percentile by Number Answered
Your Score History
You have not taken this quiz